Pants or No Pants? Quiz Stats

 Plays Quiz Updated Jan 25, 2019

Score 0/30 Timer 03:00
4 Plays Today
% Correct
Bugs Bunny
93.4%
Kermit the Frog
93.1%
Tom and Jerry
92.8%
The Pink Panther
91.2%
Winnie the Pooh
91.1%
Donald Duck
90%
Yogi Bear
89.9%
Tasmanian Devil
89.6%
Tony the Tiger
89.2%
Chewbacca
89.1%
Porky Pig
87.9%
The Cat in the Hat
87.8%
The Grinch
86.3%
Alvin and the Chipmunks
84.8%
Puss In Boots
82.5%
% Correct
Bullwinkle
79.5%
Pinky and the Brain
79.5%
Gumby
77.7%
Alf
77%
Foghorn Leghorn
76.9%
Stimpy
74.2%
Hobbes
72.3%
Perry the Platypus
71.7%
Bowser
70.2%
Bender
69.3%
Fred Flintstone
67.8%
Captain Caveman
53.2%
Betty Boop
47.1%
Wakko Warner
43.5%
Master Shake
41.5%

You're not logged in!

Compare scores with friends on all Sporcle quizzes.
OR
Log In

Show Comments

Extras

Top Quizzes Today


Score Distribution

Your Account Isn't Verified!

In order to create a playlist on Sporcle, you need to verify the email address you used during registration. Go to your Sporcle Settings to finish the process.

Report this User

Report this user for behavior that violates our Community Guidelines.

Details: